| 000 | 00446cam a2200169ua 4500 | ||
|---|---|---|---|
| 003 | OSt | ||
| 008 | 241223b |||||||| |||| 00| 0 eng d | ||
| 041 | _aeng | ||
| 082 |
_a621.3133 _bDAW/CO |
||
| 100 |
_aDawes, Chester L. _96556 |
||
| 245 | _aCourse in electrical engineering, Vol 2 / | ||
| 250 | _a1 / | ||
| 260 |
_aTokyo : _bMcGraw Hill Book Company , _c1956. |
||
| 300 | _a708 ; . | ||
| 490 | 0 | _aElectrical engineering texts, | |
| 942 | _cBK | ||
| 999 |
_c1964 _d1964 |
||